[Event "World Cities-ch 2nd"]
[Site "Shenyang"]
[Date "1999.10.06"]
[Round "4"]
[White "Wang Rui"]
[Black "Temirbaev, Serik"]
[Result "1-0"]
[WhiteElo "2396"]
[BlackElo "2461"]

1.Nf3 Nf6 2.c4 g6 3.Nc3 Bg7 4.e4 d6 5.d4 O-O 6.Be2 e5 7.O-O Nc6 8.d5 Ne7
9.Ne1 Nd7 10.Be3 f5 11.f3 f4 12.Bf2 g5 13.Rc1 Ng6 14.c5 a6 15.Na4 Rb8 16.Nd3 Rf7
17.Rc3 Bf8 18.Qc2 g4 19.cxd6 Bxd6 20.fxg4 Nf6 21.Nac5 Bxg4 22.Rb3 b6 23.Nb4 Bxe2
24.Ne6 Qe8 25.Qxe2 Qb5 26.Nd3 Qa4 27.Ndc5 Qe8 28.Nxa6 Ra8 29.Rc1 Ra7 30.Nb4 f3
31.gxf3 Nh5 32.Be3 Nf8 33.Ng5 Rg7 34.Kh1 Nf6 35.a3 Qh5 36.Rg1 Ra8 37.Qf2 Re8
38.Rd3 Rg6 39.Rg3 Rg7 40.Rh3 Qg6 41.Rg3 Nh5 42.Rg4 Nf6 43.Rg3 Nh5 44.Rg1 Qf6
45.Rdd1 Ree7 46.Nc6 Rd7 47.Rg4 Rg6 48.Rdg1 Rdg7 49.b4 h6 50.Nh3 b5 51.Rxg6 Rxg6
52.Rxg6+ Nxg6 53.Qg2 Kh7 54.Qg4 Ng7 55.Kg2 Nh4+ 56.Kf2 Ng6 57.Ke2 Qf8 58.Nf2 Qa8
59.Qh3 h5 60.Ng4 Qxa3  1-0

[Event "SLO-ch"]
[Site "Kranj"]
[Date "1999.10.08"]
[Round "7"]
[White "Jelen, Igor"]
[Black "Sebenik, Matej"]
[Result "1-0"]
[WhiteElo "2395"]
[BlackElo "2194"]

1.d4 Nf6 2.c4 g6 3.Nc3 Bg7 4.e4 d6 5.Nf3 O-O 6.Be2 e5 7.O-O Nc6 8.d5 Ne7
9.b4 Nh5 10.Re1 f5 11.Ng5 Nf6 12.Bf3 c6 13.Bb2 a5 14.b5 cxd5 15.exd5 Ne8
16.Qd2 Nc7 17.Rad1 h6 18.Ne6 Nxe6 19.dxe6 e4 20.Be2 Bxe6 21.Qxd6 Qxd6 22.Rxd6 Kf7
23.Na4 Bxb2 24.Nxb2 Rfd8 25.Red1 Rxd6 26.Rxd6 Rc8 27.f3 Kf6 28.Kf2 Ke5 29.Rb6 Rc7
30.f4+ Kf6 31.Rd6 Nc8 32.Rd8 Nb6 33.Rf8+ Ke7 34.Rh8 Kf6 35.Rf8+ Kg7 36.Rb8 Bc8
37.Ke3 Kf6 38.Kd4 Ke7 39.c5 Rxc5 40.Rxb7+ Bxb7 41.Kxc5 Nd5 42.g3 g5 43.Bc4 Nf6
44.Kb6 Bd5 45.Kxa5 gxf4 46.gxf4 e3 47.Kb4 Kd6 48.a4 Nh5 49.Bxd5 Kxd5 50.Nd1 Nxf4
51.Nxe3+ Ke4 52.b6 Ne6 53.Nxf5 Kxf5 54.a5  1-0

[Event "Tatry op"]
[Site "Tatranska Lomnica"]
[Date "1999.10.09"]
[Round "8"]
[White "Likavsky, Tomas"]
[Black "Kasanicky, Richard"]
[Result "1-0"]
[WhiteElo "2366"]
[BlackElo "2193"]

1.d4 Nf6 2.c4 g6 3.Nc3 Bg7 4.e4 d6 5.Nf3 O-O 6.Be2 e5 7.O-O Nc6 8.d5 Ne7
9.Ne1 Nd7 10.Be3 f5 11.f3 f4 12.Bf2 h5 13.a4 g5 14.Nb5 a6 15.Na7 Rxa7 16.Bxa7 Nf6
17.h3 g4 18.fxg4 Nxe4 19.Bf2 Nxf2 20.Rxf2 e4 21.Qc2 Bd4 22.Qxe4 Bxf2+ 23.Kxf2 c6
24.dxc6 bxc6 25.Rd1 Rf7 26.gxh5 Nf5 27.c5 d5 28.Kg1 Re7 29.Qxf4 Re4 30.Qf2 Qe7
31.Bd3 Ne3 32.Bxe4 Nxd1 33.Qg3+ Kh8 34.Bc2 Qxc5+ 35.Kh2 Ne3 36.Qe5+ Kg8 37.h6 Nf1+
38.Kh1  1-0

[Event "Tatry op"]
[Site "Tatranska Lomnica"]
[Date "1999.10.10"]
[Round "9"]
[White "Koutsin, Sergey"]
[Black "Ramik, Zdenek"]
[Result "1-0"]
[WhiteElo "2415"]
[BlackElo "2304"]

1.d4 g6 2.c4 Bg7 3.e4 d6 4.Nc3 Nf6 5.Nf3 O-O 6.Be2 e5 7.O-O Nc6 8.d5 Ne7
9.Ne1 Nd7 10.Be3 f5 11.f3 Nf6 12.c5 f4 13.Bf2 g5 14.a4 Ng6 15.a5 h5 16.cxd6 cxd6
17.Nb5 a6 18.Bb6 Qe7 19.Nc7 g4 20.Nxa8 g3 21.Nc7 Nh7 22.Ne6 Qh4 23.h3 Bxe6
24.dxe6 Ng5 25.Bc4 Nxh3+ 26.gxh3 Qxh3 27.e7+ Kh7 28.exf8=N+ Bxf8 29.Qe2 Nh4
30.Bd5  1-0

[Event "Budapest FS10 IM"]
[Site "Budapest"]
[Date "1999.10.11"]
[Round "10"]
[White "Friedrichs, Klaus"]
[Black "Gara, Anita"]
[Result "0-1"]
[WhiteElo "2148"]
[BlackElo "2260"]

1.d4 Nf6 2.c4 g6 3.Nc3 Bg7 4.e4 d6 5.Nf3 O-O 6.Be2 e5 7.O-O Nc6 8.d5 Ne7
9.Ne1 Nd7 10.Be3 f5 11.f3 f4 12.Bf2 g5 13.a4 Ng6 14.a5 h5 15.Kh1 Nf6 16.c5 g4
17.cxd6 cxd6 18.Nb5 g3 19.Bg1 gxh2 20.Bxa7 Rxa7 21.Nxa7 h4 22.Nxc8 Qxc8 23.Rc1 Qd8
24.Nd3 Nh5 25.Nf2 Ng3+ 26.Kxh2 Nxf1+ 27.Bxf1 Qxa5 28.Qb3 Rf7 29.Qc3 Qb6 30.Nh3 Bf8
31.Be2 Ne7 32.Bd1 Rg7 33.Ba4 Qa6 34.Qc2 b5 35.Bb3 Qb6 36.Qf2 Qa5 37.Qe1 Qb6
38.Qf2 Qa5 39.Qe1 Qb6 40.Bd1 Rg3 41.Be2 Ng6 42.b4 Nh8 43.Qg1 Qb7 44.Rc6 Nf7
45.Qb6 Qe7 46.Qc7 Qf6 47.Qd7 Ng5 48.Rc7 Bg7 49.Nxg5 Qxg5 50.Qe6+ Kh7 51.Qf5+ Qxf5
52.exf5 Kg8 53.Bxb5 h3 54.Bf1 hxg2 55.Bxg2 e4 56.fxe4 Be5 57.Kh1 f3 58.Bf1 f2
59.Bg2 Rg4 60.Rc8+ Kh7 61.Rc7+ Kh6 62.Rc1 Rh4+ 63.Bh3 Rxh3+ 64.Kg2 Rh2+ 65.Kf3 Bd4
66.e5 Bxe5  0-1

[Event "BUL-GRE (Women)"]
[Site "Corfu"]
[Date "1999.10.12"]
[Round "1"]
[White "Genova, Ruzka"]
[Black "Papadopoulou, Triantafilia"]
[Result "1-0"]
[WhiteElo "2240"]
[BlackElo "2191"]

1.d4 Nf6 2.c4 g6 3.Nc3 Bg7 4.e4 d6 5.Nf3 O-O 6.Be2 e5 7.O-O Nc6 8.d5 Ne7
9.Bg5 Nh5 10.Ne1 Nf4 11.Nd3 Nxe2+ 12.Qxe2 f6 13.Bd2 f5 14.f4 fxe4 15.Nxe4 b5
16.b3 bxc4 17.bxc4 Nf5 18.fxe5 Nd4 19.Qd1 Bf5 20.Bg5 Qc8 21.Nf6+ Kh8 22.g4 Bxd3
23.Qxd3 dxe5 24.Qh3 Ne2+ 25.Kh1 Rxf6 26.Bxf6 Nf4 27.Bxg7+ Kxg7 28.Qe3 Qe8
29.Rae1 g5 30.Qxe5+  1-0

[Event "GRE-GER m"]
[Site "Corfu"]
[Date "1999.10.14"]
[Round "3"]
[White "Lutz, Christopher"]
[Black "Grivas, Efstratios"]
[Result "1/2-1/2"]
[WhiteElo "2591"]
[BlackElo "2514"]

1.d4 Nf6 2.c4 g6 3.Nc3 Bg7 4.e4 d6 5.Nf3 O-O 6.Be2 e5 7.O-O Nc6 8.d5 Ne7
9.b4 a5 10.Ba3 axb4 11.Bxb4 Nd7 12.a4 Bh6 13.Qc2 f5 14.Nd2 Nf6 15.c5 Bxd2
16.Qxd2 Nxe4 17.Nxe4 fxe4 18.Rfe1 Nf5 19.Bd1 Nd4 20.cxd6 cxd6 21.Rxe4 Bf5
22.Re1 Rc8 23.a5 Nc2 24.Bxc2 Rxc2 25.Qe3 Rc4 26.Qa3 Rf6 27.Rac1 Rd4 28.Red1 Rxd1+
29.Rxd1 Qd7 30.h3 Be4 31.Rd2 Qc7 32.f3 Bf5 33.Rf2 Bd7 34.Qc3 Qxc3 35.Bxc3 Bb5
36.Rb2 Ba6 37.Kf2 Kf7 38.Ke3 Ke7 39.Rb6 g5 40.g3 Rf7 41.Bb4  1/2-1/2

[Event "Wichern op 5th"]
[Site "Hamburg"]
[Date "1999.10.15"]
[Round "1"]
[White "Bahr, Peter"]
[Black "Jirovsky, Petr"]
[Result "0-1"]
[WhiteElo "1946"]
[BlackElo "2351"]

1.d4 Nf6 2.c4 g6 3.Nc3 Bg7 4.e4 d6 5.Be2 O-O 6.Nf3 e5 7.O-O Nc6 8.d5 Ne7
9.b4 Nh5 10.Re1 Nf4 11.Bf1 a5 12.bxa5 Rxa5 13.a4 f5 14.Nd2 Kh8 15.Nb3 Ra8
16.Ra2 fxe4 17.Nxe4 b5 18.Bxf4 exf4 19.Nd4 bxc4 20.Bxc4 Nf5 21.Nc6 Qh4 22.Ra3 Nh6
23.f3 Nf5 24.Qd2 Bd7 25.Bb5 Ne3 26.g3 Qh5 27.gxf4 Nf5 28.Ng3 Qh4 29.Nxf5 Rxf5
30.Re4 Raf8 31.Re7 Bxc6 32.Rxg7 Kxg7 33.dxc6 Rxf4 34.Qe2 R4f5 35.Re3 Qd4
36.Kg2 Rg5+ 37.Kf1 Re8 38.Re7+ Kh6  0-1

[Event "Wichern op 5th"]
[Site "Hamburg"]
[Date "1999.10.16"]
[Round "2"]
[White "Conrad, Christian"]
[Black "Golubev, Mihail"]
[Result "0-1"]
[WhiteElo "2209"]
[BlackElo "2532"]

1.d4 Nf6 2.Nf3 d6 3.c4 g6 4.Nc3 Bg7 5.e4 O-O 6.Be2 e5 7.O-O Nc6 8.d5 Ne7
9.Nd2 a5 10.a3 Bd7 11.Rb1 a4 12.b4 axb3 13.Nxb3 b6 14.Ra1 Ne8 15.Bd2 f5 16.a4 fxe4
17.Nxe4 Rxa4 18.Rxa4 Bxa4 19.Ng5 Bd7 20.f4 exf4 21.Bxf4 Nf5 22.Bd3 Be5 23.Bxe5 dxe5
24.Qd2 Qe7 25.Re1 Ned6 26.Ne6 Bxe6 27.Rxe5 Nxc4 28.Bxc4 Qh4 29.dxe6 Qxc4
30.Qd1 Nd6 31.Re1 Rf6 32.Nd2 Qd4+ 33.Kh1 Rf2 34.Qb3 Qxd2 35.e7+ Kg7 36.Rd1 Re2  0-1

[Event "Wichern op 5th"]
[Site "Hamburg"]
[Date "1999.10.17"]
[Round "4"]
[White "Deglmann, Ludwig"]
[Black "Golubev, Mihail"]
[Result "1/2-1/2"]
[WhiteElo "2327"]
[BlackElo "2532"]

1.Nf3 d6 2.d4 Nf6 3.c4 g6 4.Nc3 Bg7 5.e4 O-O 6.Be2 e5 7.O-O Nc6 8.d5 Ne7
9.Ne1 Nd7 10.Be3 f5 11.f3 f4 12.Bf2 g5 13.a4 a5 14.Nd3 b6 15.b4 axb4 16.Nxb4 Nf6
17.Ra3 Bd7 18.Nb5 g4 19.fxg4 Nxe4 20.Bh4 Bf6 21.Bxf6 Nxf6 22.g5 Ne4 23.Bd3 Nxg5
24.h4 e4 25.hxg5 exd3 26.Qxd3 Ng6 27.Nc6 Qxg5 28.Nxc7 Rac8 29.Nb5 Nh4 30.Qd2 Bxc6
31.dxc6 Rxc6 32.Nd4 Qc5 33.Rxf4 Rxf4 34.Qxf4 Ng6 35.Qe4 Rc7 36.Rg3 Rf7 37.Qd5 Qxd5
38.cxd5 Rf4 39.Nb5 Rxa4 40.Nxd6 Rd4 41.Rb3 Rxd5  1/2-1/2

[Event "VAM Hoogeveen op"]
[Site "Hoogeveen"]
[Date "1999.10.17"]
[Round "3"]
[White "Tare, M."]
[Black "Van Delft, Merijn"]
[Result "1/2-1/2"]
[WhiteElo "2139"]
[BlackElo "2323"]

1.c4 Nf6 2.Nc3 g6 3.Nf3 Bg7 4.e4 d6 5.d4 O-O 6.Be2 e5 7.O-O Nc6 8.d5 Ne7
9.h3 Nh5 10.Bg5 h6 11.Bd2 Nf4 12.Re1 Nxe2+ 13.Qxe2 f5 14.b4 f4 15.Nh2 Kh8
16.f3 Ng8 17.Qf2 Bf6 18.Re2 Bh4 19.Qf1 h5 20.Be1 Bg3 21.Rc2 Nf6 22.Ne2 Bxe1
23.Qxe1 g5 24.g4 fxg3 25.Qxg3 a5 26.b5 b6 27.Rf1 Rg8 28.Kf2 Qd7 29.Ng1 Qh7
30.Re2 Bd7 31.Ke1 h4 32.Qf2 Nh5 33.Ng4 Raf8 34.Qe3 Ng3 35.Rh2 Rf4 36.Ne2 Nxf1
37.Kxf1 Qg7 38.Nxf4 exf4 39.Qd2 Bxg4 40.hxg4 Qa1+ 41.Kg2 Kg7 42.Rh1 h3+ 43.Rxh3 Rh8
44.Rxh8 Kxh8 45.Kf2 Kg7 46.Ke2 Kf7 47.Kd3 a4 48.Qc2 a3 49.Qd2 Qf1+ 50.Qe2 Qb1+
51.Qc2 Qf1+  1/2-1/2

[Event "Aars get2net Cup GM"]
[Site "Aars"]
[Date "1999.10.18"]
[Round "3"]
[White "Holst, Allan"]
[Black "Ostenstad, Berge"]
[Result "1-0"]
[WhiteElo "2406"]
[BlackElo "2446"]

1.c4 g6 2.Nf3 Bg7 3.e4 d6 4.d4 Nf6 5.Nc3 O-O 6.Be2 e5 7.O-O Nc6 8.d5 Ne7
9.b4 Nh5 10.Re1 Nf4 11.Bf1 a5 12.bxa5 Rxa5 13.Nd2 c5 14.Rb1 h6 15.a4 Ra6
16.Nb3 f5 17.f3 g5 18.a5 g4 19.fxg4 fxg4 20.Na4 Neg6 21.Be3 h5 22.Naxc5 dxc5
23.Bxc5 Rf7 24.Be3 Nh4 25.c5 Rg6 26.Rb2 g3 27.a6 bxa6 28.Kh1 Bg4 29.Qb1 gxh2
30.g3 Qg5 31.Nd2 Bf3+ 32.Nxf3 Nxf3 33.Ree2 Qxg3 34.Rg2 Nxg2 35.Rxg2 Nh4 36.Rxg3 Rxg3
37.d6 Rxe3 38.Bc4 Nf3 39.c6 Rc3 40.Qf1 Kf8 41.c7  1-0

[Event "Wichern op 5th"]
[Site "Hamburg"]
[Date "1999.10.21"]
[Round "8"]
[White "Weischede, Thomas"]
[Black "Thomaschke, Dirk"]
[Result "1-0"]
[WhiteElo "2270"]
[BlackElo "2066"]

1.Nf3 Nf6 2.d4 g6 3.c4 Bg7 4.Nc3 O-O 5.e4 d6 6.Be2 e5 7.O-O Nc6 8.d5 Ne7
9.Ne1 Ne8 10.Be3 f5 11.f3 f4 12.Bf2 h5 13.c5 g5 14.Rc1 Rf6 15.cxd6 cxd6 16.Nb5 a6
17.Nc7 Nxc7 18.Bb6 Rg6 19.Rxc7 g4 20.Qb3 Qf8 21.Nd3 Qf6 22.fxg4 hxg4 23.g3 f3
24.Rf2 Bh6 25.Bf1 Bg5 26.Ne1 Rh6 27.Qc3 Qf8 28.Rc2 Qe8 29.b3 Qg6 30.Qd3 Rh7
31.a4 Rf7 32.Bf2 Rf8 33.Ra2 Qe8 34.Nc2 Qd8 35.Rc3 Bd7 36.Ne3 Rc8 37.Rac2 Rxc3
38.Rxc3 b5 39.Qc2 bxa4 40.bxa4 Qa5 41.Nc4 Qxa4 42.Qb1 Be8 43.Nxd6 Bb5 44.Nxb5 axb5
45.d6 Nc8 46.Bxb5 Qa5 47.Rc5  1-0

[Event "Wichern op 5th"]
[Site "Hamburg"]
[Date "1999.10.21"]
[Round "8"]
[White "Batyrow, Sapar"]
[Black "Ornstein, Petra"]
[Result "1-0"]
[WhiteElo "2481"]
[BlackElo "1900"]

1.d4 Nf6 2.Nf3 g6 3.c4 Bg7 4.Nc3 O-O 5.e4 d6 6.Be2 e5 7.O-O Nc6 8.d5 Ne7
9.Ne1 Ne8 10.Be3 f5 11.f3 f4 12.Bf2 g5 13.Rc1 Rf7 14.g4 h5 15.h3 Ng6 16.c5 Bf8
17.Nd3 Rh7 18.b4 hxg4 19.hxg4 Nh4 20.Bxh4 gxh4 21.Kh2 h3 22.Rh1 Qh4 23.Qg1 Be7
24.Bf1 Nf6 25.Qf2 Qh6 26.g5 Qxg5 27.Rg1 Bg4 28.Be2 Kh8 29.fxg4 Rg8 30.Qf3 Rh6
31.Nb5 c6 32.Nc7 cxd5 33.Nxd5 Nxd5 34.exd5 Qg6 35.Nf2 Bh4 36.Ne4 dxc5 37.bxc5 Rd8
38.c6 bxc6 39.Rxc6 Qg7 40.g5 Rxc6 41.dxc6  1-0

[Event "Wichern op 5th"]
[Site "Hamburg"]
[Date "1999.10.22"]
[Round "9"]
[White "Richter, Michael"]
[Black "Voelzke, Ferdinand"]
[Result "1-0"]
[WhiteElo "2410"]
[BlackElo "2265"]

1.d4 Nf6 2.c4 g6 3.Nc3 Bg7 4.e4 d6 5.Nf3 O-O 6.Be2 e5 7.O-O Nc6 8.d5 Ne7
9.Ne1 Nd7 10.Nd3 f5 11.Bd2 Nf6 12.f3 c6 13.Be3 f4 14.Bf2 c5 15.b4 b6 16.Rb1 g5
17.a4 Ng6 18.a5 Rf7 19.Nb5 Bf8 20.Nxa7 Raxa7 21.axb6 Qxb6 22.bxc5 Qa5 23.cxd6 Ra8
24.Bb6 Qa4 25.Ra1 Qxd1 26.Rfxd1 Rb8 27.Bc7 Rb7 28.c5 Ne8 29.Ra8 Nxc7 30.Rxc8  1-0

[Event "Wch U18"]
[Site "Oropesa del Mar"]
[Date "1999.10.27"]
[Round "4"]
[White "Loetscher, Roland"]
[Black "Vajda, Levente"]
[Result "1-0"]
[WhiteElo "2209"]
[BlackElo "2462"]

1.d4 Nf6 2.c4 g6 3.Nc3 Bg7 4.e4 d6 5.Nf3 O-O 6.Be2 e5 7.O-O Nc6 8.d5 Ne7
9.Ne1 Nd7 10.Nd3 f5 11.Bd2 Kh8 12.b4 b6 13.f3 f4 14.c5 dxc5 15.bxc5 Nxc5
16.Nxc5 bxc5 17.Be1 g5 18.Na4 h5 19.Nxc5 Qd6 20.Rc1 Rb8 21.Ba5 c6 22.Nb3 Rxb3
23.Qxb3  1-0

[Event "Wch U14"]
[Site "Oropesa del Mar"]
[Date "1999.10.28"]
[Round "5"]
[White "Evdokimov, Alexander A"]
[Black "Cornette, Matthieu"]
[Result "1-0"]
[WhiteElo "2291"]
[BlackElo "2124"]

1.d4 Nf6 2.c4 g6 3.Nc3 Bg7 4.e4 d6 5.Nf3 O-O 6.Be2 e5 7.O-O Nc6 8.d5 Ne7
9.b4 a5 10.Ba3 axb4 11.Bxb4 Nd7 12.a4 Nc5 13.a5 Na6 14.Ba3 f5 15.Nd2 fxe4
16.Ndxe4 Nf5 17.c5 Nxc5 18.Nxc5 dxc5 19.Bxc5 Nd6 20.Nb5 Rf7 21.Nxd6 cxd6
22.Bb6 Qg5 23.Qb3 e4 24.Ra4 Bf5 25.Qe3 Qxe3 26.fxe3 Re7 27.Rc4 Rc8 28.Rxc8+ Bxc8
29.Rc1 Re8 30.Bb5 Rf8 31.Rc7 Be5 32.Ba4 Bg4 33.Bb5 Rf7 34.Rc1 Bd7 35.Be2 Ba4
36.Bg4 Bd7 37.Be6 Bxe6 38.dxe6 Re7 39.Rc8+ Kg7 40.Bd8 Rxe6 41.Rc7+ Kg8 42.Rxb7 d5
43.Bb6  1-0

[Event "Wch U18 Girls"]
[Site "Oropesa del Mar"]
[Date "1999.10.31"]
[Round "7"]
[White "Klipper, Rebecca"]
[Black "Mirzoeva, Elvira"]
[Result "1/2-1/2"]
[WhiteElo "2015"]
[BlackElo "2261"]

1.d4 Nf6 2.Nf3 g6 3.c4 Bg7 4.Nc3 O-O 5.e4 d6 6.Be2 Nc6 7.O-O e5 8.d5 Ne7
9.Ne1 c5 10.a3 Ne8 11.f3 f5 12.g4 Nf6 13.Nd3 Qd7 14.gxf5 gxf5 15.Rb1 Ng6
16.exf5 Qxf5  1/2-1/2

[Event "Wch U14"]
[Site "Oropesa del Mar"]
[Date "1999.11.02"]
[Round "9"]
[White "Evdokimov, Alexander A"]
[Black "Kinsic, O."]
[Result "1-0"]
[WhiteElo "2291"]
[BlackElo "2140"]

1.c4 Nf6 2.Nc3 g6 3.d4 d6 4.e4 Bg7 5.Nf3 O-O 6.Be2 e5 7.O-O Nc6 8.d5 Ne7
9.b4 Ne8 10.c5 f5 11.Nd2 fxe4 12.Ndxe4 h6 13.cxd6 Nxd6 14.Nxd6 cxd6 15.Bb2 Rf4
16.a3 Bd7 17.g3 Rf7 18.Ne4 Bh3 19.Re1 Qb6 20.Qd2 Raf8 21.Bd3 Rf3 22.Re3 Kh7
23.Rxf3 Rxf3 24.Be2 Rf8 25.Rd1 Bf5 26.Bf3 a6 27.g4 Bd7 28.Kg2 g5 29.Qe3 Qxe3
30.fxe3 Ng6 31.Kg3 Nh4 32.Bh1 Bb5 33.Nxd6 Be2 34.Be4+ Kh8 35.Re1 Bf3 36.Rf1 Bxe4
37.Rxf8+ Bxf8 38.Nxe4 Ng6 39.Nc5 b6 40.Nd7 Bd6 41.Nxb6 Kg8 42.Nc4 Bb8 43.Kf3 Kf7
44.Ke4 Kf6 45.d6 Ke6 46.Nxe5  1-0

[Event "Chigorin mem"]
[Site "St Petersburg"]
[Date "1999.11.02"]
[Round "1"]
[White "Ulko, Jaroslav"]
[Black "Manakov, Ilya"]
[Result "1/2-1/2"]
[WhiteElo "2454"]
[BlackElo "2280"]

1.d4 Nf6 2.c4 g6 3.Nc3 Bg7 4.e4 d6 5.Nf3 O-O 6.Be2 e5 7.O-O Nc6 8.d5 Ne7
9.b4 a5 10.Ba3 Nd7 11.bxa5 Rxa5 12.Bb4 Ra8 13.a4 Nc5 14.Bxc5 dxc5 15.Qb3 f5
16.Rad1 Ra6 17.Qa3 b6 18.Qb3 fxe4 19.Nxe4 Nf5 20.Bd3 Bd7 21.Ra1 Ra5 22.Bc2 Kh8
23.Ra3 Qe7 24.Re1 Rfa8 25.Rea1 Rf8 26.Rd1 Rfa8 27.Rda1 Rf8 28.Qd3 Nd6 29.Nxd6 cxd6
30.Qb3 Qd8 31.Rb1 Ra6 32.Nd2 Bf5 33.Bxf5 gxf5 34.Qb5 Qc8 35.Rab3 e4 36.Qc6 Qd8
37.Nf1 f4 38.Re1 e3 39.fxe3 fxe3 40.Nxe3 Bd4 41.Kh1 Qh4 42.Rf1 Raa8 43.Nf5 Be5
44.Rh3 Qxc4 45.Rg1 Ra7 46.Rh4 Qd3 47.Nxd6 Rg7 48.Qb5 Qxd5 49.Ne4 Bd4 50.Rd1 Rgf7
51.Qd3 Qf5 52.h3 Be5 53.Kg1 Bd4+ 54.Kh1 Be5 55.Kg1 Bd4+  1/2-1/2

[Event "Wch U16"]
[Site "Oropesa del Mar"]
[Date "1999.11.04"]
[Round "10"]
[White "Hlas, Jan"]
[Black "Paragua, Mark"]
[Result "1-0"]
[WhiteElo "2118"]
[BlackElo "2268"]

1.d4 Nf6 2.c4 g6 3.Nc3 Bg7 4.e4 d6 5.Nf3 O-O 6.Be2 e5 7.O-O Nc6 8.d5 Ne7
9.Ne1 Nd7 10.Be3 f5 11.f3 f4 12.Bf2 h5 13.Rc1 g5 14.c5 Nxc5 15.b4 Na6 16.Nb5 Bd7
17.Nxa7 g4 18.fxg4 hxg4 19.Bxg4 f3 20.Bxd7 Qxd7 21.Nxf3 Ng6 22.Ng5 Bh6 23.Qh5 Qg7
24.Ne6 Qh7 25.Rc3 Rf6 26.Rh3 Nf8 27.Rf3 Rxf3 28.gxf3 Nxb4 29.Nxc7 Nd3 30.Nxa8 Nxf2
31.Rxf2 Be3 32.Qxh7+  1-0

[Event "Chigorin mem"]
[Site "St Petersburg"]
[Date "1999.11.04"]
[Round "3"]
[White "Mirovshchikov, Sergey"]
[Black "Neverov, Valeriy"]
[Result "1-0"]
[WhiteElo "2358"]
[BlackElo "2549"]

1.d4 Nf6 2.c4 g6 3.Nc3 Bg7 4.e4 d6 5.Nf3 O-O 6.Be2 e5 7.O-O Nc6 8.d5 Ne7
9.Nd2 c5 10.a3 Ne8 11.b4 b6 12.Nb3 f5 13.f3 f4 14.g4 h5 15.h3 Bf6 16.Bd2 Bh4
17.Be1 Bxe1 18.Qxe1 Kg7 19.Kg2 Rh8 20.Rh1 g5 21.Qd2 Ng6 22.b5 Nf6 23.a4 Nh4+
24.Kf2 Nxf3 25.Bxf3 hxg4 26.hxg4 Nxg4+ 27.Bxg4 Bxg4 28.Rag1 Rxh1 29.Rxh1 Qf6
30.Qe1 Kg6 31.Qg1 Bh5 32.Qh2 Rh8 33.Nd2 Rh7 34.Qh3 g4 35.Qh4 Qxh4+ 36.Rxh4 Kg5
37.Rh1 Bg6 38.Rxh7 Bxh7 39.Ne2 Bg6 40.Ng1 Kh4 41.Kg2 Be8 42.Kf2 Bh5 43.Nf1 Bg6
44.Nd2 f3 45.Ke3 Kg3 46.Ndxf3 gxf3 47.Nxf3 Kg4 48.Nd2 Bh5 49.Nb3 Kg5 50.a5 Bd1
51.axb6 axb6 52.Na5 Kf6 53.Nc6 Bg4 54.Nd8 Bh3 55.Kd3 Ke7 56.Nc6+ Kf7 57.Nb8 Kf6
58.Na6 Kg5 59.Nc7 Kf4 60.Ne6+ Kg4 61.Ke3 Bf1 62.Nxc5 Bxc4 63.Nb7 Kg5 64.Nxd6 Bf1
65.Kd2 Kf6 66.Kc3 Bg2 67.Kb4 Ke7 68.Nc8+ Kd8 69.Nxb6 Bxe4 70.Kc5 Bg6 71.Nc4 e4
72.b6 Kc8 73.Kb5 Kb8 74.Ka6 e3  1-0

[Event "Chigorin mem"]
[Site "St Petersburg"]
[Date "1999.11.05"]
[Round "4"]
[White "Shchekachev, Andrei"]
[Black "Loskutov, Oleg"]
[Result "1/2-1/2"]
[WhiteElo "2505"]
[BlackElo "2359"]

1.Nf3 Nf6 2.c4 g6 3.Nc3 Bg7 4.e4 d6 5.d4 O-O 6.Be2 e5 7.O-O Nc6 8.d5 Ne7
9.b4 Nh5 10.Re1 Nf4 11.Bf1 a5 12.bxa5 Rxa5 13.Nd2 f5 14.a4 Ra8 15.Ra3 fxe4
16.Ndxe4 Nf5 17.Nb5 Nd4 18.Nxd4 exd4 19.Bb2 Bd7 20.a5 c5 21.dxc6 Bxc6 22.Bxd4 Bxd4
23.Qxd4 Rxa5 24.Rae3 Ra2 25.Rf3 Qe7 26.Qe3 Qxe4 27.Qxe4 Bxe4 28.Rxe4 g5 29.h4 h6
30.hxg5 hxg5 31.Rb3 Ng6 32.f3 Rf7 33.Re6 Nf4 34.Rxd6 Re7 35.Rb5 Re1 36.Rxg5+ Kf7
37.Rb6 Ne6 38.Rxb7+ Kf6 39.Rd5 Raa1 40.Rb6 Rxf1+ 41.Kh2 Rfe1 42.f4  1/2-1/2

[Event "Chigorin mem"]
[Site "St Petersburg"]
[Date "1999.11.06"]
[Round "5"]
[White "Ulko, Jaroslav"]
[Black "Nikolaev, Nikita"]
[Result "1-0"]
[WhiteElo "2454"]
[BlackElo "2308"]

1.d4 Nf6 2.c4 g6 3.Nc3 Bg7 4.e4 d6 5.Nf3 O-O 6.Be2 e5 7.O-O Nc6 8.d5 Ne7
9.b4 a5 10.Ba3 Nd7 11.bxa5 Rxa5 12.Bb4 Ra8 13.a4 Nc5 14.Bxc5 dxc5 15.Nd2 Bd7
16.Qb3 Ra7 17.Nb5 Ra6 18.Qe3 b6 19.a5 Nc8 20.Nb1 Nd6 21.N1c3 Bxb5 22.Nxb5 Qd7
23.axb6 Rxa1 24.Rxa1 Nxb5 25.cxb5 cxb6 26.Ra6 Rb8 27.g3 Bf8 28.Kg2 Bd6 29.h4 Qc7
30.Bc4 Rf8 31.h5 Kg7 32.Qg5 f6 33.Qg4 g5 34.Qf5 Rf7 35.Kf3 Qd8 36.Kg4 Rb7
37.Qe6 Qf8 38.Kf5 Qd8 39.h6+ Kf8 40.Kg4 Rf7 41.Kh3 Qb8 42.Be2  1-0

[Event "Chigorin mem"]
[Site "St Petersburg"]
[Date "1999.11.07"]
[Round "6"]
[White "Astashov, Gleb"]
[Black "Danielian, Vardan"]
[Result "1-0"]
[WhiteElo "2247"]
[BlackElo "2289"]

1.d4 Nf6 2.c4 g6 3.Nc3 Bg7 4.e4 d6 5.Be2 O-O 6.Nf3 e5 7.O-O Nc6 8.d5 Ne7
9.b4 a5 10.bxa5 Rxa5 11.a4 Ne8 12.Ba3 b6 13.Bb4 Ra8 14.Qb3 f5 15.a5 fxe4
16.Nxe4 Rf4 17.Nfd2 bxa5 18.Bxa5 Nf5 19.Bc3 Rxa1 20.Rxa1 Ne7 21.Ra8 h6 22.c5 Kh7
23.Ba6 Rf8 24.c6 Nf6 25.Nxf6+ Bxf6 26.Nc4 Bg7 27.Ba5 Rf4 28.Bxc8 Re4 29.Bb7 Nc8
30.Rxc8  1-0

[Event "ch-ESP (team) Div 2"]
[Site "Cala Galdana ESP"]
[Date "1999.11.10"]
[Round "3"]
[White "Garza Marco,S"]
[Black "Barrero Garcia,C"]
[Result "0-1"]
[WhiteElo "2271"]
[BlackElo "2314"]

1.d4 Nf6 2.c4 g6 3.Nc3 Bg7 4.e4 d6 5.Nf3 O-O 6.Be2 e5 7.O-O Nc6 8.d5 Ne7
9.b4 Nh5 10.Re1 f5 11.Ng5 Nf4 12.Bxf4 exf4 13.Rc1 Kh8 14.b5 Ng8 15.Ne6 Bxe6
16.dxe6 Bxc3 17.Rxc3 Qf6 18.Ra3 fxe4 19.Qd5 Rae8 20.Rxa7 Rxe6 21.Rxb7 f3
22.Bd1 Re5 23.Qd2 Qh4 24.gxf3 Rg5+ 25.Kh1 Rh5 26.Qc3+ Nf6 27.Kg1 Qh3 28.Qe3 exf3
29.Qxf3 Qxh2+ 30.Kf1 Qh1+ 31.Qxh1 Rxh1+ 32.Ke2 Rxe1+ 33.Kxe1 Re8+ 34.Kd2  0-1

[Event "28th It"]
[Site "Lazarevac YUG"]
[Date "1999.11.11"]
[Round "11"]
[White "Zontakh,A"]
[Black "Solak,D"]
[Result "1-0"]
[WhiteElo "2535"]
[BlackElo "2457"]

1.d4 Nf6 2.c4 g6 3.Nc3 Bg7 4.e4 d6 5.Nf3 O-O 6.Be2 e5 7.O-O Nc6 8.d5 Ne7
9.b4 Ne8 10.c5 f5 11.Ng5 h6 12.Ne6 Bxe6 13.dxe6 fxe4 14.cxd6 cxd6 15.Nxe4 b6
16.b5 d5 17.Ba3 Nc7 18.Rc1 Nxe6 19.Bxe7 Qxe7 20.Qxd5 Rad8 21.Qb3 Kh7 22.Qb1 Rd4
23.Rc6 Rfd8 24.Bc4 Ng5 25.Ng3 R8d6 26.Bb3 Rf4 27.Bc2 Rxc6 28.bxc6 e4 29.Qc1 Be5
30.Rd1 Qc5 31.Rd7+ Kh8 32.Qd2 Qxc6 33.Rxa7 Qd6 34.Rd7 Qxd2 35.Rxd2 Kg7 36.Re2 h5
37.Nxe4 Nxe4 38.Bxe4 Bd4 39.g3 Rf6 40.h4 Rd6 41.Kg2 Kf6 42.Rc2 Bc5 43.f4 Rd1
44.Kh3 Rd4 45.Bc6 Rd3 46.Ba4 Re3 47.Bb3 Re1 48.Rd2 Rh1+ 49.Kg2 Rg1+ 50.Kh2 Re1
51.Bc4 Re4 52.Bb5 Rd4 53.Rc2 Rb4 54.a4 Kf7 55.Kg2 Kf6 56.Be8 Re4 57.Bc6 Re6
58.Bb5 Be7 59.Rc7 Rd6 60.Kf3 Rd2 61.Rb7 Rd6 62.Bc4 Rc6 63.Bd5 Rc3+ 64.Kg2 Rc2+
65.Kh3 Rc5 66.Rxb6+ Kg7 67.Rb7 Rxd5 68.Rxe7+ Kf6 69.Re2 Ra5 70.Ra2 Kf5 71.Ra3 Ke4
72.Kg2 Kd4 73.Kf3 Kc4 74.Ra1  1-0

[Event "FSIM November"]
[Site "Budapest HUN"]
[Date "1999.11.14"]
[Round "9"]
[White "Keatinge Clay,A"]
[Black "Rajlich,V"]
[Result "0-1"]
[WhiteElo "2278"]
[BlackElo "2297"]

1.d4 Nf6 2.c4 g6 3.Nc3 Bg7 4.e4 d6 5.Be2 O-O 6.Nf3 e5 7.O-O Nc6 8.d5 Ne7
9.b4 a5 10.bxa5 Rxa5 11.Nd2 c5 12.dxc6 bxc6 13.a4 Be6 14.Qc2 c5 15.Nb3 Ra8
16.f4 Nc6 17.fxe5 dxe5 18.Nb5 Nd7 19.Bd2 Nd4 20.N3xd4 exd4 21.Bf4 Be5 22.Qd2 Bxf4
23.Qxf4 Nb6 24.Nc7 Rxa4 25.Nxe6 fxe6 26.Qe5 Rxa1 27.Qxe6+ Kh8 28.Qe5+ Qf6
29.Qxf6+ Rxf6 30.Rxa1 Rf4 31.Bd3 Nd7 32.g3 Rf8 33.Ra7 Ne5 34.Bf1 d3 35.Re7 Nf3+
36.Kg2 d2 37.Be2 Nd4 38.Bd1 Rb8 39.Rf7 Rb4 40.Rf2 Rb2 41.Kf1 Kg7 42.Rg2 Kf6
43.Kf2 Ra2 44.Rg1 Ra3 45.Bg4 h5 46.Bd7 Rf3+ 47.Kg2 Re3 48.Rd1 Re2+ 49.Kf1 Rxh2
50.Ba4 Ke5  0-1

[Event "FSIM November"]
[Site "Budapest HUN"]
[Date "1999.11.14"]
[Round "9"]
[White "Spielmann,Al"]
[Black "Kahn,E"]
[Result "1/2-1/2"]
[WhiteElo "2241"]
[BlackElo "2305"]

1.d4 Nf6 2.c4 g6 3.Nf3 Bg7 4.Nc3 O-O 5.e4 d6 6.Be2 e5 7.O-O Nc6 8.d5 Ne7
9.Ne1 Ne8 10.f3 f5 11.Be3 f4 12.Bf2  1/2-1/2

[Event "Extraliga CZE"]
[Site "Ostrava CZE"]
[Date "1999.11.20"]
[Round "3"]
[White "Pribyl,M"]
[Black "Babula,M"]
[Result "1-0"]
[WhiteElo "2321"]
[BlackElo "2334"]

1.Nf3 Nf6 2.c4 g6 3.Nc3 Bg7 4.e4 d6 5.d4 O-O 6.Be2 e5 7.O-O Nc6 8.d5 Ne7
9.Ne1 Nd7 10.f3 f5 11.Be3 f4 12.Bf2 h5 13.a4 g5 14.Nb5 a5 15.b4 axb4 16.Nd3 Nf6
17.c5 Ng6 18.cxd6 cxd6 19.a5 g4 20.Bb6 Qe7 21.Nc7 Rb8 22.Nxb4 Nh4 23.a6 gxf3
24.Bxf3 Nxf3+ 25.gxf3 Bh3 26.Rf2 Nd7 27.Ba7 Rbc8 28.Ne6 bxa6 29.Nxf8 Nxf8
30.Bb6 Ng6 31.Nc6 Qb7 32.Ba5 Kh7 33.Rb1 Qd7 34.Rfb2 Nh4 35.Rb7 Qe8 36.Ne7 Kh6
37.Be1 Bf6 38.Bxh4 Bxe7 39.Rxe7 Qg6+ 40.Bg3 fxg3 41.Qd2+  1-0